000 00555nam a2200205Ia 4500
003 OSt
005 20240805165148.0
008 210210b1973 xxu||||| |||| 00| 0 eng d
040 _cAL
041 _aKannada
082 _a294.53K GANB
100 _aGANGAMMA (S).
_dಗಂಗಮ್ಮ (ಎಸ್)
_9175254
245 _aBhakti gitanjali.
_bಭಕ್ತಿ ಗೀತಾಂಜಲಿ
260 _aMangaluru
_bAradhana Prakatane
_c1973
300 _a29
650 _aWorship
_9175255
690 _aHinduism
_9175256
906 _a042198
942 _2ddc
_cBK
999 _c91928
_d91928